Concepto y justicia del impuesto único sobre el valor del suelo / (Registro nro. 180820)

Detalles MARC
000 -LEADER
campo de control de longitud fija 00951nab a2200241 i 4500
001 - NÚMERO DE CONTROL
campo de control 180820
003 - IDENTIFICADOR DE NÚMERO DE CONTROL
campo de control ES-MaACL
005 - FECHA Y HORA DE LA ÚLTIMA TRANSACCIÓN
campo de control 20250904063108.0
008 - DATOS DE LONGITUD FIJA--INFORMACIÓN GENERAL
campo de control de longitud fija 120717s1913 sp 000 s spa d
040 ## - FUENTE DE CATALOGACIÓN
Centro catalogador/agencia de origen ES-MaACL
100 1# - ENTRADA PRINCIPAL--NOMBRE DE PERSONA
Nombre de persona Ugarte y Albizu, Eduardo,
Fechas asociadas al nombre 1872-ca. 1933
Término indicativo de función/relación Autor
9 (RLIN) 226953
245 10 - MENCIÓN DEL TÍTULO
Título Concepto y justicia del impuesto único sobre el valor del suelo /
Mención de responsabilidad, etc. por Eduardo Ugarte y Albizu
300 ## - DESCRIPCIÓN FÍSICA
Extensión Páginas 30-42
594 ## - Nota al título y mención de responsabilidad
Nota al título y mención de responsabilidad Precede al título: Conferencias en el Círculo de la Unión Mercantil
599 ## - NOTA A LAS ILUSTRACIONES
Nota Retrato del autor en portada
650 #4 - PUNTO DE ACCESO ADICIONAL DE MATERIA--TÉRMINO DE MATERIA
Término de materia o nombre geográfico como elemento de entrada Propiedad inmobiliaria-
Subdivisión general Impuestos-
Subdivisión geográfica España
9 (RLIN) 226954
655 #4 - TERMINO DE INDIZACIÓN--GENERO/FORMA
Datos o término principal de género/forma Conferencias
9 (RLIN) 234444
710 2# - ENTRADA AGREGADA--NOMBRE DE ENTIDAD CORPORATIVA
Nombre de entidad corporativa o nombre de jurisdicción como elemento de entrada Círculo de la Unión Mercantil (Madrid)
Término indicativo de función/relación entidad responsable
9 (RLIN) 134324
773 0# - ASIENTO DE ITEM FUENTE
Título La Palabra : revista taquigráfica,
Número Internacional Normalizado para Publicaciones Seriadas ISSN 2479-7723,
Parte(s) relacionada(s) N. 16 (15 ag.1913), p. 30-42
Número bibliográfico anfitrión 2879
Número de ítem anfitrión 2987
Número de control del registro 2879
942 ## - ELEMENTOS DE ENTRADA SECUNDARIOS (KOHA)
Fuente del sistema de clasificación o colocación Clasificación decimal universal
Tipo de ítem Koha Artículo de revista
Suprimir en OPAC No
955 ## - CATALOGADOR - EDICIÓN
Nombre de catalogador Pilar Fernández Vera

No hay ítems disponibles.